Państwa produkujące najwięcej arbuzów - Statystyki

Ogólne statystyki
  • Ten quiz został rozwiązany 21 razy
  • Średni wynik to 11 z 15
Statystyki odpowiedzi
Tony (mln) Kraj % Poprawnych
64,0 Chiny
100%
1,7 Stany Zjednoczone
100%
1,8 Brazylia
95%
3,6 Indie
95%
1,4 Meksyk
89%
1,2 Hiszpania
84%
1,4 Iran
84%
3,1 Turcja
84%
1,8 Rosja
79%
1,5 Pakistan
74%
1,6 Uzbekistan
63%
1,4 Kazachstan
53%
1,3 Wietnam
53%
2,5 Algieria
47%
1,5 Senegal
11%
Nie znaleziono quizów pasujących do podanych kryteriów
Rozkład punktacji
Procent ludzi z każdym wynikiem
Percentyl według liczby udzielonych odpowiedzi
Twoja historia wyników
Nie rozwiązałeś tego quizu